Border security : State Department is taking steps to meet projected surge in demand for visas and passports in Mexico : report to the Subcommittee on Government Management, Organization, and Procurement, Committee on Oversight and Government Reform, House of Representatives.

Bibliographic Details
Corporate Authors: United States. Government Accountability Office, United States. Congress. House. Committee on Oversight and Government Reform. Subcommittee on Government Management, Organization, and Procurement
Format: Government Document eBook
Language:English
Published: [Washington, D.C.] : U.S. Govt. Accountability Office, [2008]
Subjects:
Online Access:https://purl.fdlp.gov/GPO/LPS100018

MARC

Tag First Indicator Second Indicator Subfields
LEADER 00000cam a2200000 a 4500
001 in00002414607
005 20211202185323.0
006 m d f
007 cr mn|||||||||
008 080819s2008 dcuab sb f000 0 eng c
035 |a (OCoLC)ocn244104834 
037 |b GAO (202)512-6000 (voice); (202)512-6061 (Fax); (202)512-2537 (TDD)  |f paper copy 
040 |a GPO  |c GPO  |d MvI  |d UtOrBLW 
042 |a pcc 
043 |a n-mx---  |a n-us--- 
049 |a WWW 
074 |a 0546-D (online) 
086 0 |a GA 1.13:GAO-08-1006 
088 |a GAO-08-1006 
110 1 |a United States.  |b Government Accountability Office. 
245 1 0 |a Border security :  |b State Department is taking steps to meet projected surge in demand for visas and passports in Mexico : report to the Subcommittee on Government Management, Organization, and Procurement, Committee on Oversight and Government Reform, House of Representatives. 
246 3 0 |a State Department is taking steps to meet projected surge in demand for visas and passports in Mexico 
246 1 7 |a Consular expansion in Mexico 
264 1 |a [Washington, D.C.] :  |b U.S. Govt. Accountability Office,  |c [2008] 
300 |a ii, 36 pages :  |b digital, PDF file. 
336 |a text  |b txt  |2 rdacontent 
337 |a computer  |b c  |2 rdamedia 
338 |a online resource  |b cr  |2 rdacarrier 
538 |a Mode of access: Internet from GAO web site. Address as of 8/14/08: http://www.gao.gov/new.items/d081006.pdf ; current access available via PURL. 
500 |a Title from title screen (viewed on Aug. 14, 2008). 
500 |a "July 2008." 
500 |a Paper version available from: U.S. Govt. Accountability Office, 441 G St., NW, Rm. LM, Washington, D.C. 20548. 
504 |a Includes bibliographical references. 
500 |a "GAO-08-1006." 
500 |a Electronic resource. 
610 1 0 |a United States.  |b Department of State  |v Rules and practice. 
650 0 |a Diplomatic and consular service  |z Mexico. 
650 0 |a Passports. 
650 0 |a Visas. 
710 1 |a United States.  |b Congress.  |b House.  |b Committee on Oversight and Government Reform.  |b Subcommittee on Government Management, Organization, and Procurement. 
856 4 0 |u https://purl.fdlp.gov/GPO/LPS100018  |t 0 
999 |a MARS 
999 f f |s 65a1705d-85bb-35ee-a26e-d7578ca19f82  |i fa3312f5-7d2c-3839-a4c0-9870906a888a  |t 0 
952 f f |a Texas A&M University  |b College Station  |c Electronic Resources  |d Available Online  |t 0  |e GA 1.13:GAO-08-1006  |h Superintendent of Documents classification 
998 f f |a GA 1.13:GAO-08-1006  |t 0  |l Available Online